[Event "Helsingor Xtracon op"]
[Site "Helsingor"]
[Date "2018.07.24"]
[Round "5"]
[White "Smeby, Ole"]
[Black "Jorgensen, Olav Erstad"]
[Result "1-0"]
[WhiteElo "1887"]
[BlackElo "1639"]
[PlyCount "45"]
[EventDate "2018.07.21"]
[EventType "swiss"]
[EventRounds "10"]
[EventCountry "DEN"]
[SourceTitle "CBM 185 Extra"]
[Source "ChessBase"]
[SourceDate "2018.07.29"]
[SourceVersion "1"]
[SourceVersionDate "2018.07.29"]
[SourceQuality "1"]

1. d4 Nf6 2. c4 e6 3. Nf3 d5 4. e3 Nbd7 5. Bd3 dxc4 6. Bxc4 Nb6 7. Bd3 c5 8. 0-0 cxd4 9. exd4 Bd6 10. Nc3 0-0 11. Bg5 Be7 12. Qd2 Nbd5 13. Rac1 a6 14. a3 b5 15. Bb1 Bb7 16. Nxd5 Nxd5 17. Qd3 g6 18. Bh6 Re8 19. Rfe1 Bf8 20. Bxf8 Rxf8 21. Qd2 Nf6 22. Rc3 Ne4 23. Bxe4 1-0

[Event "Helsingor Xtracon op"]
[Site "Helsingor"]
[Date "2018.07.23"]
[Round "4"]
[White "Jorgensen, Olav Erstad"]
[Black "Schnell, Andrea"]
[Result "1-0"]
[WhiteElo "1639"]
[BlackElo "1270"]
[PlyCount "107"]
[EventDate "2018.07.21"]
[EventType "swiss"]
[EventRounds "10"]
[EventCountry "DEN"]
[SourceTitle "CBM 185 Extra"]
[Source "ChessBase"]
[SourceDate "2018.07.29"]
[SourceVersion "1"]
[SourceVersionDate "2018.07.29"]
[SourceQuality "1"]

1. e4 c6 2. d4 d5 3. e5 Bf5 4. Nc3 e6 5. g4 Bg6 6. a3 h6 7. h4 h5 8. g5 Ne7 9. Nf3 Nd7 10. Bd3 Qb6 11. Na4 Qc7 12. c4 b5 13. cxb5 cxb5 14. Bxb5 Nf5 15. b4 Be7 16. Bd2 0-0 17. Rc1 Qb7 18. Bc6 Qc8 19. Bxd5 Qd8 20. Bxa8 Qxa8 21. 0-0 Rc8 22. Qb3 Bd8 23. Rxc8 Qxc8 24. Rc1 Qb7 25. Nc5 Nxc5 26. Rxc5 Ne7 27. Be1 Be4 28. Nd2 Bd5 29. Qd3 Nf5 30. f3 Bb6 31. Ne4 Bxc5 32. Nxc5 Qc6 33. b5 Qc8 34. a4 g6 35. a5 Qc7 36. a6 Qc8 37. Kg2 Kf8 38. Qa3 Ke8 39. Qa4 Ne3+ 40. Kf2 Nc4 41. b6+ Bc6 42. Qxc4 axb6 43. Nb7 Qc7 44. Bb4 Kd7 45. Nd6 Qa7 46. Nxf7 b5 47. Qc5 Qxc5 48. Bxc5 Ke8 49. Nd6+ Kd7 50. a7 Kc7 51. Nxb5+ Kb7 52. Nd6+ Kc7 53. Nf7 Kb7 54. Nd8+ 1-0

[Event "Copenhagen Challenge"]
[Site "Ballerup"]
[Date "2018.04.28"]
[Round "6"]
[White "Jorgensen, Olav Erstad"]
[Black "Sorensen, Bernhard"]
[Result "1-0"]
[WhiteElo "1636"]
[BlackElo "1762"]
[PlyCount "107"]
[EventDate "2018.04.25"]
[EventType "swiss"]
[EventRounds "9"]
[EventCountry "DEN"]
[SourceTitle "CBM 184 Extra"]
[Source "ChessBase"]
[SourceDate "2018.06.28"]
[SourceVersion "1"]
[SourceVersionDate "2018.06.28"]
[SourceQuality "1"]

1. d4 e6 2. Bf4 f5 3. g3 Nf6 4. Bg2 d5 5. c4 c6 6. Nd2 Be7 7. Ngf3 0-0 8. 0-0 Nbd7 9. Ng5 Nb8 10. Ngf3 Nh5 11. Be5 Nd7 12. Qc2 Nxe5 13. Nxe5 Bd6 14. Ndf3 Nf6 15. Rab1 a5 16. a3 Ne4 17. b4 axb4 18. axb4 dxc4 19. Qxc4 Bxe5 20. dxe5 Qe7 21. Qb3 g5 22. Rfd1 Qc7 23. Qb2 Rd8 24. Ne1 Rd5 25. Nd3 g4 26. Ra1 Ra6 27. Rac1 Qb6 28. Bxe4 fxe4 29. Nc5 Ra5 30. Rxd5 exd5 31. Qd2 Rxc5 32. bxc5 Qd8 33. Qd4 Be6 34. Rb1 Qc7 35. Kg2 h5 36. Ra1 Kg7 37. f4 gxf3+ 38. exf3 exf3+ 39. Kxf3 Qf7+ 40. Qf4 Bg4+ 41. Kg2 Qe7 42. Rf1 Kg8 43. h4 Qg7 44. Qg5 Qxg5 45. hxg5 d4 46. Rf4 d3 47. Rd4 Be2 48. Kf2 Kf8 49. Ke3 Ke7 50. Rxd3 Bxd3 51. Kxd3 Ke6 52. Ke4 Kf7 53. Kf5 Ke7 54. g6 1-0

[Event "Copenhagen Challenge"]
[Site "Ballerup"]
[Date "2018.04.28"]
[Round "7"]
[White "Kvaloy, Aksel Bu"]
[Black "Jorgensen, Olav Erstad"]
[Result "1-0"]
[WhiteElo "1958"]
[BlackElo "1636"]
[PlyCount "53"]
[EventDate "2018.04.25"]
[EventType "swiss"]
[EventRounds "9"]
[EventCountry "DEN"]
[SourceTitle "CBM 184 Extra"]
[Source "ChessBase"]
[SourceDate "2018.06.28"]
[SourceVersion "1"]
[SourceVersionDate "2018.06.28"]
[SourceQuality "1"]

1. e4 c5 2. Nf3 d6 3. d4 cxd4 4. Nxd4 Nf6 5. Nc3 a6 6. h3 e5 7. Nde2 b5 8. Bg5 Nbd7 9. g4 Be7 10. Bg2 Bb7 11. Be3 0-0 12. Ng3 Rc8 13. 0-0 Qc7 14. g5 Ne8 15. Nf5 Qd8 16. h4 f6 17. Nd5 Bxd5 18. Qxd5+ Rf7 19. Bh3 Nc7 20. Nxe7+ Qxe7 21. Qc6 Nb8 22. Qc3 Rd8 23. Rad1 d5 24. Bc5 Qe8 25. Bb6 Qe7 26. Bxc7 Qxc7 27. Be6 1-0

[Event "Copenhagen Challenge"]
[Site "Ballerup"]
[Date "2018.04.27"]
[Round "5"]
[White "Vedant, Kumar Saravana"]
[Black "Jorgensen, Olav Erstad"]
[Result "1-0"]
[WhiteElo "1447"]
[BlackElo "1636"]
[PlyCount "107"]
[EventDate "2018.04.25"]
[EventType "swiss"]
[EventRounds "9"]
[EventCountry "DEN"]
[SourceTitle "CBM 184 Extra"]
[Source "ChessBase"]
[SourceDate "2018.06.28"]
[SourceVersion "1"]
[SourceVersionDate "2018.06.28"]
[SourceQuality "1"]

1. e4 c5 2. Nf3 d6 3. d4 cxd4 4. Nxd4 Nf6 5. Nc3 a6 6. Be2 e5 7. Nf3 h6 8. 0-0 Be6 9. h3 Be7 10. Be3 Nbd7 11. Qd2 0-0 12. Rfe1 Qc7 13. Rad1 Rac8 14. a3 Qc6 15. Qd3 Nc5 16. Bxc5 Qxc5 17. Nh2 Kh8 18. Ng4 Nd7 19. Ne3 Nb6 20. Rd2 Bc4 21. Nxc4 Nxc4 22. Qxc4 Qxc4 23. Bxc4 Rxc4 24. Red1 Rfc8 25. Kf1 b5 26. Rd3 Bf8 27. f3 R4c5 28. Rd5 Rc4 29. R5d3 Rb8 30. R1d2 a5 31. Ke2 Kh7 32. Nd1 g6 33. Rc3 Rxc3 34. Nxc3 b4 35. axb4 Rxb4 36. b3 Rb7 37. Nd5 Kg7 38. Ne3 Ra7 39. Nc4 a4 40. bxa4 Rxa4 41. Nxd6 Ra2 42. Ne8+ Kh8 43. Nf6 Bb4 44. c3 Ra6 45. cxb4 Rxf6 46. b5 Rb6 47. Rb2 Rd6 48. b6 Rd8 49. b7 Rb8 50. Kd3 Kg8 51. Kc4 Kf8 52. Kd5 Ke7 53. Kc6 Kd8 54. Rd2+ 1-0

[Event "Copenhagen Challenge"]
[Site "Ballerup"]
[Date "2018.04.26"]
[Round "2"]
[White "Thybo, Thomas Sondergaard"]
[Black "Jorgensen, Olav Erstad"]
[Result "1-0"]
[WhiteElo "2004"]
[BlackElo "1636"]
[PlyCount "45"]
[EventDate "2018.04.25"]
[EventType "swiss"]
[EventRounds "9"]
[EventCountry "DEN"]
[SourceTitle "CBM 184 Extra"]
[Source "ChessBase"]
[SourceDate "2018.06.28"]
[SourceVersion "1"]
[SourceVersionDate "2018.06.28"]
[SourceQuality "1"]

1. e4 c5 2. Nf3 d6 3. d4 cxd4 4. Nxd4 Nf6 5. Nc3 a6 6. h3 e5 7. Nde2 Be7 8. g4 d5 9. exd5 b5 10. Bg2 Bb7 11. a3 b4 12. axb4 Bxb4 13. 0-0 0-0 14. f4 exf4 15. Bxf4 Bc5+ 16. Kh1 Nbd7 17. Bg5 Re8 18. Ra4 h6 19. Bh4 g5 20. Bf2 Bxf2 21. Rxf2 Qb6 22. Qd4 Qxb2 23. Rb4 1-0

[Event "Copenhagen Bronshoj op"]
[Site "Copenhagen"]
[Date "2016.??.??"]
[Round "1"]
[White "Jorgensen, Olav Erstad"]
[Black "Fredericia, Louise Winther"]
[Result "0-1"]
[WhiteElo "1423"]
[BlackElo "2093"]
[PlyCount "42"]
[EventDate "2016.02.12"]
[EventType "swiss"]
[EventRounds "7"]
[EventCountry "DEN"]
[SourceTitle "CBM 170 Extra"]
[Source "ChessBase"]
[SourceDate "2016.02.25"]
[SourceVersion "1"]
[SourceVersionDate "2016.02.25"]
[SourceQuality "1"]

1. e4 e6 2. d4 d5 3. e5 c5 4. c3 Nc6 5. Nf3 Bd7 6. Be2 Nge7 7. Be3 Nf5 8. 0-0 Qb6 9. Qd2 Rc8 10. Rd1 Nxe3 11. fxe3 Be7 12. Na3 0-0 13. Rab1 f6 14. Nc2 Qc7 15. exf6 Rxf6 16. Bd3 Rcf8 17. Rf1 c4 18. Be2 Rh6 19. g3 Rff6 20. Kg2 Rfg6 21. b3 Rxh2+ 0-1

[Event "Copenhagen Bronshoj op"]
[Site "Copenhagen"]
[Date "2016.??.??"]
[Round "4"]
[White "Jorgensen, Olav Erstad"]
[Black "Nielsen, Morten Majlund"]
[Result "0-1"]
[WhiteElo "1423"]
[BlackElo "1995"]
[PlyCount "66"]
[EventDate "2016.02.12"]
[EventType "swiss"]
[EventRounds "7"]
[EventCountry "DEN"]
[SourceTitle "CBM 170 Extra"]
[Source "ChessBase"]
[SourceDate "2016.02.25"]
[SourceVersion "1"]
[SourceVersionDate "2016.02.25"]
[SourceQuality "1"]

1. e4 c6 2. d4 d5 3. Nc3 dxe4 4. Nxe4 Bf5 5. Ng3 Bg6 6. Nf3 Nd7 7. h4 h6 8. Bc4 Qc7 9. Be3 e6 10. Qd2 Bd6 11. h5 Bh7 12. Ne2 Ngf6 13. Bf4 Bxf4 14. Nxf4 0-0-0 15. 0-0-0 Ne4 16. Qe3 Nxf2 17. Qxf2 Qxf4+ 18. Kb1 e5 19. Qe2 e4 20. Nd2 f5 21. Rhf1 Qg5 22. d5 Ne5 23. dxc6 Nxc6 24. Nb3 Rxd1+ 25. Rxd1 Rd8 26. Nc5 Nd4 27. Be6+ Nxe6 28. Nxe6 Rxd1+ 29. Qxd1 Qe7 30. Nf4 Qd7 31. Qe2 Bg8 32. Kc1 Qc7 33. b3 Qxf4+ 0-1

[Event "Copenhagen Bronshoj op"]
[Site "Copenhagen"]
[Date "2016.??.??"]
[Round "5"]
[White "Pawlak, Wojciech Zbignew"]
[Black "Jorgensen, Olav Erstad"]
[Result "0-1"]
[WhiteElo "1775"]
[BlackElo "1423"]
[PlyCount "52"]
[EventDate "2016.02.12"]
[EventType "swiss"]
[EventRounds "7"]
[EventCountry "DEN"]
[SourceTitle "CBM 170 Extra"]
[Source "ChessBase"]
[SourceDate "2016.02.25"]
[SourceVersion "1"]
[SourceVersionDate "2016.02.25"]
[SourceQuality "1"]

1. d4 Nf6 2. c4 e6 3. Nf3 d5 4. cxd5 exd5 5. Nc3 Nc6 6. Bg5 Be7 7. e3 0-0 8. Be2 Bb4 9. 0-0 Bxc3 10. bxc3 h6 11. Bh4 Re8 12. Qc2 Bg4 13. Rab1 Rb8 14. Rb5 g5 15. Bg3 a6 16. Rb2 Qd7 17. Ne5 Nxe5 18. Bxe5 Bxe2 19. Qxe2 Ne4 20. Qd3 f6 21. Bg3 Kg7 22. f3 Nxg3 23. hxg3 Qe6 24. Re2 Re7 25. Rb1 b5 26. a4 c6 0-1